Loading...

In search of leadership

Bibliographic Details
Main Author: Lala, R M
Format: Printed Book
Published: New Delhi, Vision Books 1986
Subjects:
LEADER 004240000a22001450004500
082 |a 658.3 M6 
100 |a Lala, R M 
245 |a In search of leadership 
260 |a New Delhi, Vision Books 
260 |c 1986 
465 |a R 50 
650 |a Personnel management 
942 |c BK 
999 |c 10053  |d 10053 
952 |0 0  |1 0  |4 0  |6 658_300000000000000_M6  |7 0  |8 ENG  |9 9848  |a MGUL  |b MGUL  |d 2013-07-16  |e R 50  |l 0  |o 658.3 M6  |p 03051  |r 2013-07-16  |w 2013-07-16  |y BK